| 000 | 00590nam a22002177i 4500 | ||
|---|---|---|---|
| 003 | URS | ||
| 005 | 20220114152542.0 | ||
| 008 | 170211b xxu||||| |||| 00| 0 eng d | ||
| 020 | _a0140443584 | ||
| 040 |
_erda _cURSP-College LIbrary _beng |
||
| 050 | _bM445 1979 | ||
| 100 | 1 | _aMaupassant, Guy De | |
| 245 |
_aPierre and Jean _cGuy De Maupassant |
||
| 264 | 1 |
_aNew York _bPenguin Books Limited _c1979. |
|
| 300 |
_a175pages _c20cm. |
||
| 336 |
_atext _btxt _2rdacontent |
||
| 337 |
_aunmediated _bn _2rdamedia |
||
| 338 |
_avolume _bnc _2rdacarrier |
||
| 500 | _aIncludes | ||
| 942 |
_2lcc _cFR |
||
| 999 |
_c6875 _d6875 |
||